| 000 | 00429nam a2200181Ia 4500 | ||
|---|---|---|---|
| 005 | 20250319042221.0 | ||
| 008 | 240331s9999 xx 000 0 und d | ||
| 020 | _a0415120535 | ||
| 082 |
_a302.5 _bJEN _22408 |
||
| 100 | _aJenkins, R | ||
| 245 | 0 | _aSocial Identity | |
| 260 |
_aLondon; _aNew York, _bRoutledge _c1996 |
||
| 300 | _ax, 206 p., | ||
| 650 | _aSociety | ||
| 650 | _aModernity | ||
| 650 | _aRationality | ||
| 942 | _cL | ||
| 999 |
_c1196 _d1196 |
||